1403 1026 1983 1523 1453 1820 1068 1595 1106 1184 1557 1456 1429 1897 1976 1629 1705 1901 1680 1334 1138 1565 1934 1052 1767 1201 1020 1950 1229 1683 1714 1584 1968 1106 1908 1780 1595 1253 1505 1569 1542 1596 1428 1011 1392 1863 1006 1525 1931 1621 1072 1886 1747 1197 1444 1524 1537 1548 1666 1622 1254 1163 1931 1235 1320 1701 1257 1060 1725 1255 1024 1154 1899 1525 1262 1622 1631 1778 1473 1423 1869 1185 1709 1130 1504 1602 1164 1089 1458 1627 1762 1236 1033 1955 1027 1299 1501 1022 1731 BCNSPRNW ULIB Ver.6.0+V

เปลี่ยนเป็นภาษาไทย

Change to English
 แสดงรายละเอียดบรรณานุกรม
  กลับหน้าหลัก

Brief Record : Get Marc (ISO 2709) : E-mail record : QR code < ปิดหน้าต่าง
LEADER : 00000nac a2200000 a 4500
001    13399114836
003     ULIB
008    050929s2547 th a 000 0 tha d
020    9741328737
050  4 ^aHQ76^bค752
245 00 ^aเครือข่ายสังคมและเพศสัมพันธ์กลุ่มชายชอบชาย /^cคณะผู้วิจัย วิภา ด่านธำรงกุล ... [และคนอื่นๆ] ; [บรรณาธิการ, วิภา ด่านธำรงกุล, วิชัย โปษยะจินดา]
250    ^aพิมพ์ครั้งที่ 1
260    ^aกรุงเทพฯ :^bฝ่ายศูนย์วิจัยยาเสพติด สถาบันวิจัยวิทยาศาสตร์การแพทย์ จุฬาลงกรณ์มหาวิทยาลัย,^c2547
300    ^a204 หน้า :^bภาพประกอบ ;^c24 ซม.
500    ^aSend to Single Search
650  4 ^aรักร่วมเพศ
650  4 ^aวิจัย
650  4 ^aผู้ชายขายตัว
650  4 ^aเพศสัมพันธ์
700 0  ^aวิภา ด่านธำรงกุล
700 0  ^aวิชัย โปษยะจินดา,^eบรรณาธิการ
710 2  ^aจุฬาลงกรณ์มหาวิทยาลัย. ^bสถาบันวิจัยวิทยาศาสตร์การแพทย์.
945    ^p0^l0^i032025
945    ^p0^l0^i032026
995    ^aเกษร
999 ^a ใช้งานได้ทุกระบบ
รายการนี้ยังไม่มีแท็ก
คุณยังไม่ได้ล็อกอิน คุณสามารถมีกิจกรรมร่วมกับเว็บไซต์ได้ แต่ต้องล็อกอินก่อน ::
  ล็อกอิน

รายการสื่อสารสนเทศ

ลำดับที่ ประเภท เลขเรียก/บาร์โค้ด สถานที่ สถานะ
- ไม่พบข้อมูล -

รายการใกล้เคียง
    หัวเรื่อง [รักร่วมเพศ]
    หัวเรื่อง [วิจัย]
    หัวเรื่อง [เพศสัมพันธ์]

BibComment


ยังไม่เคยถูกคอมเมนท์

คอมเมนท์ทรัพยากรรายการนี้
  คอมเมนท์: เครือข่ายสังคมแล..


 Copyright 2026. Bcnsprnw @Library